Visualizzazione normale
Vista MARC
- Mills
di Personal Name
Records bibliografici associati: 1
001 - CONTROL NUMBER
- control field: 30802
003 - CONTROL NUMBER IDENTIFIER
- control field: IT-RoPau
005 - DATE AND TIME OF LATEST TRANSACTION
- control field: 20140620092226.0
008 - FIXED-LENGTH DATA ELEMENTS
- fixed length control field: 140620|| aca||aabn | a|a d
040 ## - CATALOGING SOURCE
- Original cataloging agency: IT-RoPau
- Transcribing agency: IT-RoPau
100 ## - HEADING--PERSONAL NAME
- Personal name: Mills
- Dates associated with a name: Codice autore SPICS: 44137
- Relator term: Autore
- Name of part/section of a work: Blues In My Heart
670 ## - SOURCE DATA FOUND
- Source citation: Work cat.: (IT-RoPau)99336: AA.VV. 794, Milt Jackson